[Event "World op"]
[Site "Arlington USA"]
[Date "2014.07.03"]
[Round "3"]
[White "Ortiz Suarez, Isan Reynaldo"]
[Black "Wang, Richard"]
[Result "1/2-1/2"]
[WhiteElo "2592"]
[BlackElo "2365"]
[PlyCount "61"]
[GameId "2130307669604204"]
[EventDate "2014.06.30"]
[EventType "swiss"]
[EventRounds "9"]
[EventCountry "USA"]
[SourceTitle "CBM 161 Extra"]
[Source "ChessBase"]
[SourceDate "2014.08.29"]
[SourceVersion "1"]
[SourceVersionDate "2014.08.29"]
[SourceQuality "1"]

1. e4 c5 2. Nf3 d6 3. d4 cxd4 4. Nxd4 Nf6 5. Nc3 g6 6. Be3 Bg7 7. f3 Nc6 8. Qd2 O-O 9. Bc4 Bd7 10. O-O-O Rc8 11. Bb3 Nxd4 12. Bxd4 b5 13. h4 a5 14. a3 b4 15. axb4 axb4 16. Nd5 Nxd5 17. Bxg7 Kxg7 18. exd5 Kg8 19. Qe3 Qa5 20. Kd2 Rc5 21. Qxe7 Bf5 22. Ra1 Qb5 23. Ra7 Rxd5+ 24. Kc1 Be6 25. Bxd5 Qxd5 26. Qg5 Bf5 27. Qe7 Rc8 28. Rc7 Ra8 29. Ra7 Rc8 30. Rc7 Ra8 31. Ra7 1/2-1/2

[Event "World op"]
[Site "Arlington USA"]
[Date "2014.07.04"]
[Round "4"]
[White "Nyzhnyk, Illya"]
[Black "Wang, Richard"]
[Result "1-0"]
[WhiteElo "2628"]
[BlackElo "2365"]
[PlyCount "101"]
[GameId "2130307669604217"]
[EventDate "2014.06.30"]
[EventType "swiss"]
[EventRounds "9"]
[EventCountry "USA"]
[SourceTitle "10 Days #404"]
[Source "Chess Mix"]

1. d4 d5 2. c4 c6 3. Nf3 Nf6 4. Nc3 dxc4 5. a4 Bf5 6. e3 e6 7. Bxc4 Bb4 8. O-O Nbd7 9. Nh4 Bg4 10. f3 Bh5 11. g4 Nd5 12. Ng2 Bg6 13. Qb3 Qb6 14. Bd2 a5 15. Be1 Bd6 16. Bg3 Bxg3 17. hxg3 Qxb3 18. Bxb3 Bd3 19. Rfd1 Nb4 20. Rd2 Nb6 21. Ne4 Ke7 22. Nc5 Bc4 23. Bd1 Nd7 24. Nxb7 Rhb8 25. Rc1 Rxb7 26. Rxc4 c5 27. Nf4 cxd4 28. exd4 g5 29. Ne2 Nd5 30. Kf2 Rab8 31. b3 Rb4 32. Rc1 R8b6 33. Rc4 h6 34. Nc1 Rb8 35. Nd3 R4b6 36. Ne5 Ra8 37. Bc2 f6 38. Nxd7 Kxd7 39. Rd1 Rb4 40. Rxb4 Nxb4 41. Be4 Rc8 42. Rh1 Rc3 43. Rxh6 Rxb3 44. Rxf6 Ra3 45. f4 Ra2+ 46. Kf3 gxf4 47. Rxf4 Ra3+ 48. Kg2 Na6 49. g5 Nc7 50. Rf7+ Kd6 51. Rxc7 1-0

[Event "World op"]
[Site "Arlington USA"]
[Date "2014.07.05"]
[Round "6"]
[White "Wang, Richard"]
[Black "Perelshteyn, Eugene"]
[Result "0-1"]
[WhiteElo "2365"]
[BlackElo "2522"]
[PlyCount "56"]
[GameId "2130307669608344"]
[EventDate "2014.06.30"]
[EventType "swiss"]
[EventRounds "9"]
[EventCountry "USA"]
[SourceTitle "10 Days #404"]
[Source "Chess Mix"]

1. d4 d6 2. c4 e5 3. Nf3 e4 4. Nfd2 f5 5. Nc3 Nf6 6. e3 g6 7. Be2 Bg7 8. f3 exf3 9. Nxf3 O-O 10. O-O c5 11. Bd3 Re8 12. dxc5 dxc5 13. e4 fxe4 14. Nxe4 Nxe4 15. Bxe4 Qxd1 16. Rxd1 Nc6 17. Bd5+ Be6 18. Rb1 Bxd5 19. Rxd5 Nb4 20. Rd7 Nxa2 21. Rxb7 Nxc1 22. Rxc1 Reb8 23. Rc7 Bxb2 24. Rd1 a5 25. Ng5 a4 26. Nxh7 a3 27. Rd6 a2 28. Rxg6+ Kh8 0-1

[Event "World op"]
[Site "Arlington USA"]
[Date "2014.07.05"]
[Round "7"]
[White "Wheeler, Cameron"]
[Black "Wang, Richard"]
[Result "0-1"]
[WhiteElo "2242"]
[BlackElo "2365"]
[PlyCount "104"]
[GameId "2130307669608361"]
[EventDate "2014.06.30"]
[EventType "swiss"]
[EventRounds "9"]
[EventCountry "USA"]
[SourceTitle "10 Days #404"]
[Source "Chess Mix"]

1. c4 c5 2. g3 Nc6 3. Bg2 g6 4. Nc3 Bg7 5. Nf3 d6 6. O-O e6 7. e3 Nge7 8. Qe2 O-O 9. Rd1 e5 10. b3 f5 11. Bb2 f4 12. d3 h6 13. Nd5 g5 14. exf4 gxf4 15. Nh4 Nf5 16. Nxf5 Bxf5 17. Be4 Qg5 18. Bxf5 Rxf5 19. Kh1 f3 20. Qe4 Raf8 21. Ne3 R5f7 22. Qg4 Qxg4 23. Nxg4 Re7 24. Ne3 h5 25. Nd5 Ref7 26. Re1 a6 27. Re4 b5 28. Kg1 Rb8 29. Kf1 Kh7 30. Ke1 bxc4 31. dxc4 a5 32. Nc3 Nd4 33. Rd1 Kg6 34. Rd3 Bf6 35. Nd5 Bg5 36. Bxd4 cxd4 37. Kd1 Rbb7 38. g4 Bh4 39. Ke1 Rb8 40. c5 Rb5 41. Nb6 Rxc5 42. Nc4 Be7 43. Kd1 Kg5 44. gxh5 Kxh5 45. Re1 Bg5 46. Rg1 e4 47. Rxd4 d5 48. h4 Bf6 49. Ne5 Rg7 50. Rxg7 Bxg7 51. Nxf3 exf3 52. Rf4 Rc1+ 0-1

[Event "Wch-U16"]
[Site "Al-Ain UAE"]
[Date "2013.12.21"]
[Round "4.19"]
[White "Wang, Richard"]
[Black "Daskalov, Dimitar"]
[Result "1-0"]
[WhiteElo "2362"]
[BlackElo "2156"]
[PlyCount "135"]
[GameId "2129404786108377"]
[EventDate "2013.12.18"]
[EventType "swiss"]
[EventRounds "11"]
[EventCountry "UAE"]
[SourceTitle "10 Days #385"]
[Source "Chess Mix"]
[TimeControl "6000+965"]
[WhiteClock "0:13:12"]
[BlackClock "0:10:37"]

1. d4 Nf6 2. Nf3 g6 3. c4 Bg7 4. Nc3 O-O 5. e4 d6 6. h3 e5 7. d5 a5 8. Bg5 h6 9. Be3 Na6 10. g4 Nc5 11. Nd2 Ne8 12. h4 f5 13. exf5 gxf5 14. g5 Qe7 15. Qh5 Qf7 16. g6 Qd7 17. Bxh6 Nf6 18. Qg5 Ng4 19. Bxg7 Kxg7 20. Be2 Nh6 21. O-O-O a4 22. f4 Qd8 23. Qxd8 Rxd8 24. h5 exf4 25. Rdf1 Re8 26. Rxf4 Bd7 27. Nf3 Re7 28. Nd4 Rae8 29. Kc2 Ne4 30. Nxe4 Rxe4 31. Rxe4 Rxe4 32. Kd3 Re5 33. Bf3 Ng8 34. Nb5 f4 35. Nd4 Kh6 36. Rg1 Kg7 37. Rh1 Kh6 38. Rh4 Kg5 39. Rh2 Kh6 40. Rg2 Bh3 41. Rg1 Bd7 42. Kd2 b6 43. Ne2 b5 44. cxb5 Bxb5 45. Nxf4 Rf5 46. Ke3 Re5+ 47. Kf2 Rf5 48. Ne6 Bc4 49. Nxc7 Bxa2 50. Ke3 Re5+ 51. Kf4 Bb3 52. Rg2 Bc4 53. Rc2 Bd3 54. Rc6 Re7 55. Ne6 Rb7 56. Rc8 Rb4+ 57. Kg3 Bxg6 58. hxg6 Ne7 59. g7 Nf5+ 60. Kh3 Nxg7 61. Rh8+ Kg6 62. Rg8 Rxb2 63. Rxg7+ Kf6 64. Ra7 Rb3 65. Kg4 a3 66. Kf4 Rb4+ 67. Be4 Rb3 68. Ng5 1-0

[Event "Wch-U16"]
[Site "Al-Ain UAE"]
[Date "2013.12.21"]
[Round "5.15"]
[White "Wu, Christopher"]
[Black "Wang, Richard"]
[Result "1/2-1/2"]
[WhiteElo "2198"]
[BlackElo "2362"]
[PlyCount "92"]
[GameId "2129404786108403"]
[EventDate "2013.12.18"]
[EventType "swiss"]
[EventRounds "11"]
[EventCountry "UAE"]
[SourceTitle "10 Days #385"]
[Source "Chess Mix"]
[TimeControl "6000+1135"]
[WhiteClock "0:25:09"]
[BlackClock "0:21:53"]

1. e4 c5 2. Nf3 g6 3. d4 cxd4 4. Nxd4 Bg7 5. Nc3 Nc6 6. Be3 Nf6 7. Bc4 O-O 8. Bb3 d6 9. f3 Bd7 10. Qd2 Rc8 11. h4 h5 12. O-O-O Ne5 13. Bg5 Rc5 14. Kb1 a5 15. Rhe1 b5 16. f4 b4 17. Nd5 Neg4 18. Bxf6 exf6 19. Ne3 a4 20. Bd5 f5 21. Nxg4 hxg4 22. Qxb4 Qxh4 23. c4 fxe4 24. Rxe4 Rfc8 25. a3 Qd8 26. Ka2 Rb8 27. Qd2 Bf6 28. Qe2 Qb6 29. Rd2 Kf8 30. Ka1 Rbc8 31. Rd1 R5c7 32. Qf2 Rb8 33. Rd2 Qc5 34. Ka2 Qb6 35. Ka1 g3 36. Qe2 Bf5 37. Nxf5 gxf5 38. Re3 Bd4 39. Rxg3 Re7 40. Qd1 Bxb2+ 41. Ka2 Bf6 42. Qc1 Re3 43. c5 Re1 44. Qxe1 Qb2+ 45. Rxb2 Rxb2+ 46. Ka1 Rb6+ 1/2-1/2

[Event "Wch-U16"]
[Site "Al-Ain UAE"]
[Date "2013.12.22"]
[Round "6.16"]
[White "Wang, Richard"]
[Black "Khodashenas, Mersad"]
[Result "1-0"]
[WhiteElo "2362"]
[BlackElo "2182"]
[PlyCount "127"]
[GameId "2129404786116637"]
[EventDate "2013.12.18"]
[EventType "swiss"]
[EventRounds "11"]
[EventCountry "UAE"]
[SourceTitle "10 Days #385"]
[Source "Chess Mix"]
[TimeControl "6000+835"]
[WhiteClock "0:23:03"]
[BlackClock "0:05:57"]

1. d4 Nf6 2. Nf3 e6 3. e3 b6 4. Bd3 Bb7 5. O-O d5 6. b3 Bd6 7. Bb2 O-O 8. c4 Nbd7 9. Nc3 Re8 10. Nb5 Bf8 11. Ne5 a6 12. Nc3 Nxe5 13. dxe5 Nd7 14. f4 Nc5 15. Bc2 dxc4 16. bxc4 Qxd1 17. Raxd1 Red8 18. Rd4 Bc6 19. Rfd1 Nb7 20. Ne4 Be7 21. g4 Na5 22. Bc3 Rxd4 23. Rxd4 Nb7 24. f5 g6 25. Nf6+ Kh8 26. fxe6 fxe6 27. g5 Kg7 28. Rh4 Rh8 29. Rh6 Nd8 30. Rh4 Nf7 31. Rg4 Rd8 32. h4 Bf3 33. Rf4 Bd1 34. Be4 Nh8 35. Bc6 Bc2 36. Bd7 Bxf6 37. exf6+ Kf7 38. Rd4 Kf8 39. Bxe6 Re8 40. Bd7 Rxe3 41. Bc6 Rd3 42. Bb4+ Kg8 43. Rf4 Nf7 44. Kf2 a5 45. Be7 Rd2+ 46. Ke3 Rd1 47. Rd4 h6 48. gxh6 Nxh6 49. Bd5+ Nf7 50. Rxd1 Bxd1 51. Kd4 Bg4 52. c5 Bd7 53. c6 Be8 54. Kc4 Kh7 55. Kb5 a4 56. Ka6 a3 57. Kb7 Ne5 58. Kxc7 Nxc6 59. Bxc6 Bf7 60. Bxa3 Bxa2 61. Be8 Kh6 62. f7 Bxf7 63. Bxf7 Kh5 64. Be7 1-0

[Event "Wch-U16"]
[Site "Al-Ain UAE"]
[Date "2013.12.23"]
[Round "7.5"]
[White "Girish, Koushik"]
[Black "Wang, Richard"]
[Result "1-0"]
[WhiteElo "2413"]
[BlackElo "2362"]
[PlyCount "152"]
[GameId "2129404786116658"]
[EventDate "2013.12.18"]
[EventType "swiss"]
[EventRounds "11"]
[EventCountry "UAE"]
[SourceTitle "10 Days #385"]
[Source "Chess Mix"]
[TimeControl "6000+725"]
[WhiteClock "0:04:26"]
[BlackClock "0:03:04"]

1. Nf3 c5 2. c4 Nc6 3. Nc3 e5 4. g3 g6 5. Bg2 Bg7 6. O-O Nge7 7. a3 O-O 8. Rb1 a5 9. Ne1 d6 10. Nc2 a4 11. Ne3 Nd4 12. d3 Ra7 13. Re1 Bd7 14. Ned5 h6 15. Nxe7+ Qxe7 16. e3 Nb3 17. Bd2 f5 18. Nd5 Qf7 19. Bc3 Kh7 20. Qc2 b5 21. Nb6 Be6 22. Rbd1 Rb8 23. Nd5 Rab7 24. Rf1 b4 25. Be1 Qd7 26. Kh1 Na5 27. d4 exd4 28. exd4 bxa3 29. bxa3 Rb2 30. Qc1 Qa7 31. dxc5 Qxc5 32. Bb4 Qa7 33. Bxd6 R8b3 34. c5 Rxa3 35. Rde1 Qf7 36. Nf4 Nb3 37. Qd1 Ra1 38. Qxa1 Nxa1 39. Nxe6 Nc2 40. Re2 a3 41. Nxg7 a2 42. Re7 Qxe7 43. Bxe7 a1=Q 44. Rxa1 Nxa1 45. Bd5 Kxg7 46. c6 Rc2 47. Bd6 Kf6 48. c7 Rc1+ 49. Kg2 g5 50. Kf3 Nc2 51. Ke2 Nb4 52. Bxb4 Rxc7 53. Kd3 Rc1 54. Bd2 Rd1 55. Ke2 Rb1 56. Bc3+ Kg6 57. h3 Rb8 58. Kd3 Re8 59. Bd4 Re1 60. Bf3 Rc1 61. Be3 Ra1 62. Kd4 Ra5 63. Kc4 Ra4+ 64. Kd5 Ra5+ 65. Ke6 Ra2 66. Bd5 Ra6+ 67. Ke7 Ra4 68. Bc6 Rb4 69. Ke6 Rb8 70. Ke5 Rd8 71. Bb5 Ra8 72. Bd7 Ra5+ 73. Ke6 Ra6+ 74. Ke7 Ra2 75. Be8+ Kh7 76. Bf7 f4 1-0

[Event "Wch-U16"]
[Site "Al-Ain UAE"]
[Date "2013.12.24"]
[Round "8.18"]
[White "Wang, Richard"]
[Black "Tutisani, Noe"]
[Result "1-0"]
[WhiteElo "2362"]
[BlackElo "2120"]
[PlyCount "47"]
[GameId "2129404786116691"]
[EventDate "2013.12.18"]
[EventType "swiss"]
[EventRounds "11"]
[EventCountry "UAE"]
[SourceTitle "10 Days #385"]
[Source "Chess Mix"]
[TimeControl "6000+1315"]
[WhiteClock "0:39:43"]
[BlackClock "0:28:24"]

1. d4 Nf6 2. Nf3 g6 3. c4 Bg7 4. e3 O-O 5. Nc3 d5 6. cxd5 Nxd5 7. Bc4 Nb6 8. Bb3 Nc6 9. O-O e5 10. d5 Na5 11. e4 c6 12. Be3 cxd5 13. Nxd5 Be6 14. Nxb6 Nxb3 15. Nxa8 Nxa1 16. Qxd8 Rxd8 17. Nc7 Nc2 18. Nxe6 fxe6 19. Bxa7 Ra8 20. Rc1 Nb4 21. Bb6 Nd3 22. Rc7 Rxa2 23. h4 Rxb2 24. Rc8+ 1-0

[Event "Wch-U16"]
[Site "Al-Ain UAE"]
[Date "2013.12.26"]
[Round "9.13"]
[White "Brown, Michael William"]
[Black "Wang, Richard"]
[Result "1/2-1/2"]
[WhiteElo "2272"]
[BlackElo "2362"]
[PlyCount "35"]
[GameId "2129404786124898"]
[EventDate "2013.12.18"]
[EventType "swiss"]
[EventRounds "11"]
[EventCountry "UAE"]
[SourceTitle "10 Days #385"]
[Source "Chess Mix"]
[TimeControl "6000+525"]
[WhiteClock "0:51:51"]
[BlackClock "1:24:30"]

1. d4 d5 2. c4 c6 3. Nc3 dxc4 4. e4 b5 5. a4 b4 6. Na2 Nf6 7. e5 Nd5 8. Bxc4 e6 9. Nf3 a5 10. Bg5 Qb6 11. O-O h6 12. Bh4 Ba6 13. b3 Ne7 14. Bxe7 Bxe7 15. Qe2 O-O 16. Rac1 Bxc4 17. Rxc4 Nd7 18. Nc1 1/2-1/2

[Event "Wch-U16"]
[Site "Al-Ain UAE"]
[Date "2013.12.28"]
[Round "11.9"]
[White "Mosadeghpour, Masoud"]
[Black "Wang, Richard"]
[Result "1/2-1/2"]
[WhiteElo "2230"]
[BlackElo "2362"]
[PlyCount "114"]
[GameId "2129404786124927"]
[EventDate "2013.12.18"]
[EventType "swiss"]
[EventRounds "11"]
[EventCountry "UAE"]
[SourceTitle "10 Days #385"]
[Source "Chess Mix"]
[TimeControl "6000+1275"]
[WhiteClock "0:01:05"]
[BlackClock "0:01:15"]

1. e4 c5 2. d4 cxd4 3. c3 dxc3 4. Nxc3 Nc6 5. Nf3 d6 6. Bc4 a6 7. O-O Nf6 8. Bf4 Bg4 9. h3 Bxf3 10. Qxf3 e6 11. Rfd1 Qa5 12. Qe2 Ne5 13. Bd2 Qc7 14. Bb3 Be7 15. Rac1 Qb8 16. Be3 Nc6 17. Na4 Nd7 18. Nb6 Nxb6 19. Bxb6 O-O 20. Ba4 Rc8 21. Qd2 Bf6 22. Rc2 h6 23. a3 Ne5 24. Rdc1 Rxc2 25. Rxc2 Bd8 26. Qd4 Bxb6 27. Qxb6 d5 28. exd5 exd5 29. Bb3 Qd8 30. Qxb7 d4 31. Qe4 Rb8 32. Bd5 Qf6 33. f4 d3 34. Rf2 Ng6 35. Qxd3 Nxf4 36. Qe4 g5 37. Kh2 Rd8 38. Ba2 Qb6 39. Rc2 Qd6 40. g3 Ne6 41. Rf2 Rd7 42. b4 Qd4 43. Qf5 Qe3 44. a4 Qe1 45. Kg2 Qxb4 46. Bxe6 Qb7+ 47. Kh2 fxe6 48. Qg6+ Rg7 49. Qxh6 Qe4 50. Rd2 Qe3 51. Rc2 Qe5 52. Qh5 Kf8 53. Rc8+ Ke7 54. Qe8+ Kf6 55. Rc2 Qf5 56. Rd2 Rh7 57. Qf8+ Kg6 1/2-1/2

[Event "Wch-U20"]
[Site "Kocaeli TUR"]
[Date "2013.09.13"]
[Round "1.30"]
[White "Wang, Richard"]
[Black "Karaokcu, Erkin"]
[Result "1-0"]
[WhiteElo "2430"]
[BlackElo "2014"]
[PlyCount "77"]
[GameId "2130307679660648"]
[EventDate "2013.09.13"]
[EventType "swiss"]
[EventRounds "13"]
[EventCountry "TUR"]
[SourceTitle "The Week in Chess 984"]
[Source "Mark Crowther"]
[SourceDate "2013.09.16"]
[SourceVersion "2"]
[SourceVersionDate "2013.09.17"]
[SourceQuality "2"]

1. d4 Nf6 2. Nf3 g6 3. c4 Bg7 4. Nc3 d5 5. cxd5 Nxd5 6. e4 Nxc3 7. bxc3 c5 8. Rb1 O-O 9. Be2 b6 10. O-O Bb7 11. d5 Bxc3 12. Bc4 Qd6 13. Bh6 Nd7 14. Bxf8 Rxf8 15. Qb3 Bg7 16. Rfe1 Re8 17. Rbd1 Ne5 18. Nxe5 Bxe5 19. g3 Bd4 20. Qa4 Ra8 21. Ba6 Qc7 22. Re2 Qc8 23. Rc2 Bg7 24. Bf1 a6 25. f4 e6 26. dxe6 Qxe6 27. e5 Bf8 28. Qd7 Bc6 29. Qxe6 fxe6 30. Bg2 Bxg2 31. Kxg2 b5 32. Rcd2 c4 33. Rd8 Ra7 34. R1d7 Rxd7 35. Rxd7 Bc5 36. Rc7 Bd4 37. Kf3 a5 38. Ke4 Bb2 39. Rc5 1-0

[Event "Wch-U20"]
[Site "Kocaeli TUR"]
[Date "2013.09.14"]
[Round "2.23"]
[White "Ozdover, Mustafa Berkay"]
[Black "Wang, Richard"]
[Result "1-0"]
[WhiteElo "2005"]
[BlackElo "2430"]
[PlyCount "85"]
[GameId "2130307679664801"]
[EventDate "2013.09.13"]
[EventType "swiss"]
[EventRounds "13"]
[EventCountry "TUR"]
[SourceTitle "The Week in Chess 984"]
[Source "Mark Crowther"]
[SourceDate "2013.09.16"]
[SourceVersion "2"]
[SourceVersionDate "2013.09.17"]
[SourceQuality "2"]

1. d4 d5 2. c4 c6 3. e3 Bf5 4. Nf3 e6 5. Nc3 Nd7 6. Qb3 Rb8 7. cxd5 exd5 8. e4 Qe7 9. Bf4 Bxe4 10. O-O-O g6 11. Bxb8 Bh6+ 12. Nd2 Nxb8 13. f3 Bf5 14. Bd3 Be6 15. h4 Nf6 16. g4 Bg7 17. h5 O-O 18. Qc2 c5 19. dxc5 Nc6 20. Qb3 Nb8 21. Qc2 Nc6 22. Nb3 d4 23. Nb5 Nb4 24. Qe2 Nfd5 25. hxg6 hxg6 26. Kb1 Rd8 27. Be4 d3 28. Qd2 a5 29. a3 Nc7 30. Nxa5 Ba2+ 31. Ka1 Nc2+ 32. Kxa2 Qe6+ 33. Nb3 Nxb5 34. Bxd3 Ncd4 35. Qb4 Na7 36. Bc4 Qe7 37. Rhe1 Qd7 38. Qb6 Nac6 39. Bb5 Qd5 40. Bxc6 bxc6 41. Re4 Ra8 42. Rdxd4 Bxd4 43. Rxd4 1-0

[Event "Wch-U20"]
[Site "Kocaeli TUR"]
[Date "2013.09.15"]
[Round "3.29"]
[White "Wang, Richard"]
[Black "Docena, Jerad"]
[Result "0-1"]
[WhiteElo "2430"]
[BlackElo "2227"]
[PlyCount "102"]
[GameId "2130307679664864"]
[EventDate "2013.09.13"]
[EventType "swiss"]
[EventRounds "13"]
[EventCountry "TUR"]
[SourceTitle "The Week in Chess 984"]
[Source "Mark Crowther"]
[SourceDate "2013.09.16"]
[SourceVersion "2"]
[SourceVersionDate "2013.09.17"]
[SourceQuality "2"]

1. d4 Nf6 2. Nf3 g6 3. c4 Bg7 4. Nc3 O-O 5. e4 d6 6. h3 e5 7. d5 a5 8. Bg5 Na6 9. g4 Nc5 10. Nd2 c6 11. Be2 a4 12. Qc2 Qa5 13. O-O Re8 14. Be3 Bd7 15. g5 Nh5 16. Bxh5 gxh5 17. Kh2 Rf8 18. Rg1 Kh8 19. Nf3 f5 20. gxf6 Bxf6 21. Bh6 Rg8 22. Qd2 cxd5 23. cxd5 Qc7 24. Ng5 Rg6 25. Rac1 Bc8 26. Ne6 Bxe6 27. dxe6 Nxe6 28. Nb5 Qb6 29. Rxg6 hxg6 30. Nc3 Nf4 31. Nd5 Nxd5 32. exd5 e4 33. Rc2 Qd4 34. Qxd4 Bxd4 35. Bf4 Bc5 36. Kg2 Re8 37. b4 axb3 38. axb3 Re7 39. Rc4 b5 40. Rc2 Rf7 41. Bc1 Kg8 42. Re2 Rf5 43. h4 Kf7 44. Bg5 Rxd5 45. Rxe4 Re5 46. f3 Rxe4 47. fxe4 Ke6 48. Kf3 Bd4 49. Kg3 Be5+ 50. Kf3 Bf6 51. Kf4 b4 0-1

[Event "Wch-U20"]
[Site "Kocaeli TUR"]
[Date "2013.09.16"]
[Round "4.39"]
[White "Buyukasik, Diyap"]
[Black "Wang, Richard"]
[Result "1-0"]
[WhiteElo "2046"]
[BlackElo "2430"]
[PlyCount "45"]
[GameId "2130307679669032"]
[EventDate "2013.09.13"]
[EventType "swiss"]
[EventRounds "13"]
[EventCountry "TUR"]
[SourceTitle "The Week in Chess 984"]
[Source "Mark Crowther"]
[SourceDate "2013.09.16"]
[SourceVersion "2"]
[SourceVersionDate "2013.09.17"]
[SourceQuality "2"]

1. c4 c5 2. Nc3 Nc6 3. g3 g6 4. Bg2 Bg7 5. Nf3 d6 6. O-O Qd7 7. e3 Bxc3 8. dxc3 f5 9. e4 fxe4 10. Ng5 Nf6 11. Nxe4 Nxe4 12. Bxe4 Qc7 13. b4 Bh3 14. Re1 O-O-O 15. bxc5 dxc5 16. Qa4 Rhf8 17. Be3 Rf6 18. Bg5 Re6 19. Bf4 Qb6 20. Reb1 Nb4 21. Bd5 Nxd5 22. Rxb6 Nxb6 23. Qxa7 1-0

[Event "Wch-U20"]
[Site "Kocaeli TUR"]
[Date "2013.09.17"]
[Round "5"]
[White "Wang, Richard"]
[Black "Karabayir, Mustafa Yilmaz"]
[Result "1-0"]
[WhiteElo "2430"]
[BlackElo "1926"]
[PlyCount "41"]
[GameId "2130307679669052"]
[EventDate "2013.09.13"]
[EventType "swiss"]
[EventRounds "13"]
[EventCountry "TUR"]
[SourceTitle "CBM 156 Extra"]
[Source "ChessBase"]
[SourceDate "2013.10.22"]
[SourceVersion "1"]
[SourceVersionDate "2013.10.22"]
[SourceQuality "1"]

1. d4 Nf6 2. c4 e6 3. Nf3 b6 4. g3 Ba6 5. Qc2 Bb4+ 6. Bd2 Be7 7. Bg2 O-O 8. O-O c6 9. Bf4 d5 10. Ne5 Nfd7 11. Nxd7 Nxd7 12. Nd2 Nf6 13. Rfd1 Bd6 14. Bxd6 Qxd6 15. e4 Qe7 16. e5 Nd7 17. Qa4 Bb7 18. Rac1 c5 19. Nb3 cxd4 20. cxd5 Nxe5 21. d6 1-0

[Event "Wch-U20"]
[Site "Kocaeli TUR"]
[Date "2013.09.18"]
[Round "6.39"]
[White "Igonin, Temur"]
[Black "Wang, Richard"]
[Result "1-0"]
[WhiteElo "2074"]
[BlackElo "2430"]
[PlyCount "47"]
[GameId "2130307679677326"]
[EventDate "2013.09.13"]
[EventType "swiss"]
[EventRounds "13"]
[EventCountry "TUR"]

1. e4 e6 2. d4 d5 3. Nd2 Nf6 4. e5 Nfd7 5. Bd3 c5 6. c3 Nc6 7. Ne2 cxd4 8. cxd4 f6 9. exf6 Nxf6 10. Nf3 Bd6 11. O-O Qc7 12. Bd2 O-O 13. Rc1 Bd7 14. Ng3 Qb6 15. Bc3 Bf4 16. Ra1 g6 17. Re1 e5 18. dxe5 Ng4 19. Nh1 Rae8 20. Bc4 dxc4 21. Qxd7 Ncxe5 22. Bxe5 Nxe5 23. Nxe5 Rd8 24. Qd5+ 1-0

[Event "Wch-U20"]
[Site "Kocaeli TUR"]
[Date "2013.09.19"]
[Round "7.45"]
[White "Wang, Richard"]
[Black "Pon, Matt"]
[Result "1-0"]
[WhiteElo "2430"]
[BlackElo "1919"]
[PlyCount "101"]
[GameId "2130307679677381"]
[EventDate "2013.09.13"]
[EventType "swiss"]
[EventRounds "13"]
[EventCountry "TUR"]

1. d4 Nf6 2. Nf3 e6 3. e3 c5 4. Bd3 cxd4 5. exd4 Be7 6. O-O b6 7. c4 Bb7 8. Nc3 d6 9. d5 e5 10. b3 Nbd7 11. Bb2 O-O 12. Ng5 h6 13. Nh3 Nc5 14. f4 Bc8 15. fxe5 Ng4 16. Qe2 Nxd3 17. Qxd3 Nxe5 18. Qe3 Ng4 19. Qd2 Bf6 20. Nf4 Re8 21. h3 Ne3 22. Rfe1 Nf5 23. Nb5 Rxe1+ 24. Rxe1 Bd7 25. Nd4 Bh4 26. Re2 Ng3 27. Re1 Nf5 28. Rf1 Ng3 29. Rd1 Ne4 30. Qc2 Bf2+ 31. Kf1 Qe7 32. Nde6 fxe6 33. Qxe4 e5 34. Kxf2 Rf8 35. Kg1 Rxf4 36. Qe2 Qh4 37. Bc1 Rf6 38. Rf1 Rxf1+ 39. Kxf1 Qf6+ 40. Kg1 Qg6 41. Kh2 Kf7 42. Ba3 Qf6 43. Bc1 Qf5 44. a4 e4 45. Qe3 g5 46. Qd4 g4 47. Bxh6 g3+ 48. Kg1 Qg6 49. Qh8 Qf6 50. Qh7+ Ke8 51. Qg8+ 1-0

[Event "Wch-U20"]
[Site "Kocaeli TUR"]
[Date "2013.09.21"]
[Round "8"]
[White "Zhanbai, Uulu Zhohar"]
[Black "Wang, Richard"]
[Result "1-0"]
[WhiteElo "1843"]
[BlackElo "2430"]
[PlyCount "59"]
[GameId "2130307679677394"]
[EventDate "2013.09.13"]
[EventType "swiss"]
[EventRounds "13"]
[EventCountry "TUR"]
[SourceTitle "CBM 156 Extra"]
[Source "ChessBase"]
[SourceDate "2013.10.22"]
[SourceVersion "1"]
[SourceVersionDate "2013.10.22"]
[SourceQuality "1"]

1. e4 c5 2. f4 d5 3. exd5 Nf6 4. Nc3 Nxd5 5. Nxd5 Qxd5 6. Qf3 Qd6 7. Bb5+ Nc6 8. Bxc6+ bxc6 9. b3 Bf5 10. d3 e6 11. Bb2 f6 12. Ne2 h5 13. Ng3 Qd5 14. Nxf5 exf5 15. Rf1 Bd6 16. O-O-O Kf7 17. Rde1 g6 18. Qf2 Bc7 19. Qd2 Rhe8 20. g3 Bb6 21. a4 Rad8 22. Kb1 h4 23. gxh4 Rh8 24. Qe3 Rde8 25. Qg3 Ref8 26. Rg1 Rhg8 27. Bxf6 Bd8 28. Bc3 Qd7 29. h5 gxh5 30. Qg7+ 1-0

[Event "Wch-U20"]
[Site "Kocaeli TUR"]
[Date "2013.09.24"]
[Round "11.42"]
[White "Wang, Richard"]
[Black "Gundogan, Cem"]
[Result "1-0"]
[WhiteElo "2430"]
[BlackElo "2072"]
[PlyCount "87"]
[GameId "2130307679685774"]
[EventDate "2013.09.13"]
[EventType "swiss"]
[EventRounds "13"]
[EventCountry "TUR"]

1. d4 c5 2. e3 cxd4 3. exd4 d5 4. Bd3 Nc6 5. c3 Qc7 6. Ne2 Bg4 7. f3 Bh5 8. Nf4 Nf6 9. Nxh5 Nxh5 10. O-O e6 11. f4 g6 12. g3 f5 13. Re1 Kf7 14. Qe2 Qd7 15. Nd2 Nf6 16. Nf3 h6 17. Ne5+ Nxe5 18. fxe5 Ne4 19. Bxe4 dxe4 20. b3 Be7 21. Be3 h5 22. c4 g5 23. Bf2 g4 24. Rad1 h4 25. d5 hxg3 26. Bxg3 Bc5+ 27. Bf2 Qc7 28. dxe6+ Kg6 29. Rd5 Rxh2 30. Kxh2 Qh7+ 31. Kg1 Rh8 32. Bxc5 Qh4 33. Rf1 Qh1+ 34. Kf2 Rh2+ 35. Ke1 Rxe2+ 36. Kxe2 Qh2+ 37. Rf2 Qh5 38. e7 g3+ 39. Kd2 Kg7 40. Re2 f4 41. Rd8 e3+ 42. Bxe3 fxe3+ 43. Rxe3 g2 44. Rg3+ 1-0

[Event "Wch-U20"]
[Site "Kocaeli TUR"]
[Date "2013.09.25"]
[Round "12.33"]
[White "Ashiku, Franc"]
[Black "Wang, Richard"]
[Result "1/2-1/2"]
[WhiteElo "2253"]
[BlackElo "2430"]
[PlyCount "66"]
[GameId "2130307679689915"]
[EventDate "2013.09.13"]
[EventType "swiss"]
[EventRounds "13"]
[EventCountry "TUR"]

1. e4 c5 2. c3 d5 3. exd5 Qxd5 4. d4 Nf6 5. Nf3 e6 6. Be2 cxd4 7. cxd4 Nc6 8. O-O Be7 9. Nc3 Qd6 10. h3 O-O 11. Be3 Nb4 12. Ne5 Nbd5 13. Rc1 a6 14. Bf3 b5 15. Nc6 Nxe3 16. fxe3 Bb7 17. Nxe7+ Qxe7 18. Bxb7 Qxb7 19. Qf3 Qxf3 20. gxf3 Rfd8 21. Rfd1 Rac8 22. Kf2 Kf8 23. e4 Ke7 24. Ke3 Nd7 25. a4 Nb6 26. b3 bxa4 27. Nxa4 Nxa4 28. bxa4 Rb8 29. Rc4 Rb2 30. Rc6 Rd6 31. Rc7+ Rd7 32. Rc6 Rd6 33. Rc7+ Rd7 1/2-1/2